000 00654nam a2200241 a 4500
008
020 _a9780723434443 (pbk.)
049 _aMAIN
090 _aRB111
_bSTE
100 1 _aStevens, Alan.
245 1 0 _aCore pathology /
_cAlan Stevens... [et al.]
260 _aUK :
_bElsevier limited ;
_c2009.
300 _a3 rd ed.
300 _axii, 632 p. :
_bill. (some col.) ;
_c29 cm.`
500 _aIncludes index.
650 1 _aPathology.
700 _aStevens, Alan.
907 _a.b10306869
_b18-03-13
_c02-02-12
003
005 20230120204107.0
040 _cNUST
942 _cBOOKS
_kRB111
_mSTE
999 _c116984
_d116984